000 00586cam a2200217 i 4500
001 1322167
005 20180315091510.0
008 790803s1979 caua b 001 0 eng
010 _a 78071114
020 _a096025840X :
_c$3.95
040 _aDLC
_cDLC
_dDLC
041 _aeng
080 _a428.2 VEN
082 0 0 _a428.2 VEN
_220
100 1 _a25
101 _aEDU
245 1 0 _aWrite right! A desk drawer digest of punctuation, grammar & style /
_cJan Venolia.
504 _aBibliography: p. 95-96.
906 _a7
_bcbc
_corignew
_d2
_eopcn
_f19
_gy-gencatlg
942 _2ddc
_cBK
999 _c45162
_d45162